00878nam a22002177a 4500003000900000008004100009040007100050082002000121245002400141260004700165300002800212505020200240650002800442650003500470650002000505700002700525700002300552700001800575700002700593700004000620AR-CdUCM190312b ||||| |||| 00| 0 eng d aMUNICIPALIDAD PROVINCIAL DEL CUSCOcBIBLIOTECA MUNICIPAL DEL CUSCO a985.008 / bR31 aRealidad nacional / aLima :bRetablo de Papel ediciones,c1974. a547 páginas ;c17 cm. aContenido: Nuestros indios -- El problema de la tierra -- Tempestad en los Andes -- El indigenismo en el Perú -- Poder, raza y etnia en el Perú contemporaneo -- Mitos quechuas prehispanicos ... aIndígenas del Perú. a Perú - Condiciones sociales aCultura peruana aGonzales Prada, Manuel aValcarcel, Luis E. aMacera, Pablo aSalazar Bondy, Augusto aOrtega, Julio (selección y notas)